[Event "Quart Poblet op 2nd Blitz"]
[Site "Quart de Poblet"]
[Date "2019.08.10"]
[Round "7.6"]
[White "Ordonez Carrasco, Jorge"]
[Black "Galvan, Jesus"]
[Result "0-1"]
[WhiteElo "1559"]
[BlackElo "2015"]
[PlyCount "66"]
[EventDate "2019.08.10"]
[EventType "swiss (blitz)"]
[EventRounds "9"]
[EventCountry "ESP"]
[SourceTitle "EXT 2024"]
[Source "ChessBase"]
[SourceDate "2023.10.10"]
[SourceVersion "1"]
[SourceVersionDate "2023.10.10"]
[SourceQuality "1"]

1. e4 c5 2. Nf3 Nf6 3. Nc3 Nc6 4. d4 d5 5. e5 cxd4 6. exf6 dxc3 7. bxc3 gxf6 8. Bb5 e5 9. c4 d4 10. 0-0 Bg7 11. Ba3 Be6 12. Rb1 Qd7 13. Qe2 Bf8 14. Bxf8 Kxf8 15. Nd2 Bf5 16. Nb3 Rg8 17. Kh1 Rd8 18. Nc5 Qe7 19. Ne4 Bg6 20. Rfe1 Kg7 21. Ba4 Kh8 22. Rb2 f5 23. Ng3 e4 24. Reb1 Rd7 25. Rb5 d3 26. cxd3 Nd4 27. Qb2 exd3 28. Rxb7 Rxb7 29. Qxd4+ f6 30. Rd1 Rd8 31. Qc3 Qe5 32. Qa3 d2 33. Rxd2 Qe1+ 0-1

[Event "Valencia-ch B"]
[Site "Denia"]
[Date "2019.05.05"]
[Round "3"]
[White "Galvan, Jesus"]
[Black "Salvador Lopez, Daniel"]
[Result "1/2-1/2"]
[WhiteElo "2227"]
[BlackElo "2165"]
[PlyCount "38"]
[EventDate "2019.05.04"]
[EventType "swiss"]
[EventRounds "7"]
[EventCountry "ESP"]
[SourceTitle "EXT 2024"]
[Source "ChessBase"]
[SourceDate "2023.10.10"]
[SourceVersion "1"]
[SourceVersionDate "2023.10.10"]
[SourceQuality "1"]

1. d4 d5 2. c4 c6 3. Nc3 Nf6 4. Nf3 dxc4 5. a4 Bf5 6. e3 e6 7. Bxc4 Bb4 8. 0-0 0-0 9. Qe2 Ne4 10. Bd3 Bxc3 11. bxc3 Nxc3 12. Qc2 Bxd3 13. Qxd3 Nd5 14. Ba3 Re8 15. Rab1 Qc7 16. Ne5 Nd7 17. Nc4 N5b6 18. Nd6 Reb8 19. Qc2 Nc8 1/2-1/2

[Event "Benidorm op U2300 17th"]
[Site "Benidorm"]
[Date "2018.12.05"]
[Round "6"]
[White "Galvan, Jesus"]
[Black "Gomez Dieguez, Adrian"]
[Result "1/2-1/2"]
[WhiteElo "2185"]
[BlackElo "2289"]
[PlyCount "89"]
[EventDate "2018.11.30"]
[EventType "swiss"]
[EventRounds "10"]
[EventCountry "ESP"]
[SourceTitle "EXT 2022"]
[Source "ChessBase"]
[SourceDate "2021.10.06"]
[SourceVersion "1"]
[SourceVersionDate "2021.10.06"]
[SourceQuality "1"]

1. c4 Nf6 2. Nc3 g6 3. e4 d6 4. g3 e5 5. Bg2 Be6 6. Nge2 c6 7. d3 Bg7 8. 0-0 0-0 9. h3 d5 10. b3 d4 11. Nb1 Qc8 12. Kh2 Nfd7 13. f4 f5 14. Nd2 Na6 15. exf5 Bxf5 16. Ne4 Qc7 17. Ba3 c5 18. Bc1 Rae8 19. Ng5 h6 20. Ne4 Nf6 21. Nxf6+ Bxf6 22. g4 Bd7 23. Be4 exf4 24. Bxf4 Be5 25. Bxe5 Qxe5+ 26. Ng3 Bc6 27. Rxf8+ Rxf8 28. Kg2 Bxe4+ 29. Nxe4 Nc7 30. Qd2 g5 31. Rf1 Rxf1 32. Kxf1 Ne6 33. h4 b6 34. hxg5 hxg5 35. Ke1 Kg7 36. Kd1 Kg6 37. Qg2 Nf4 38. Qf3 Qh8 39. Ng3 Qe8 40. a3 Qe3 41. Qc6+ Kf7 42. Qd7+ Kf8 43. Qd8+ Kf7 44. Qd7+ Kf8 45. Qd8+ 1/2-1/2

[Event "Manises 5th"]
[Site "Manises"]
[Date "2018.01.04"]
[Round "6"]
[White "Galvan, Jesus"]
[Black "Serafimov, Tervel"]
[Result "0-1"]
[WhiteElo "2223"]
[BlackElo "2375"]
[PlyCount "50"]
[EventDate "2018.01.02"]
[EventType "tourn"]
[EventRounds "9"]
[EventCountry "ESP"]
[SourceTitle "EXT 2024"]
[Source "ChessBase"]
[SourceDate "2023.10.10"]
[SourceVersion "1"]
[SourceVersionDate "2023.10.10"]
[SourceQuality "1"]

1. d4 g6 2. c4 Bg7 3. Nc3 d6 4. e4 e5 5. Nge2 exd4 6. Nxd4 Nc6 7. Be3 Nge7 8. Be2 0-0 9. 0-0 f5 10. exf5 Bxd4 11. Bxd4 Nxf5 12. Be3 Nxe3 13. fxe3 Rxf1+ 14. Qxf1 Be6 15. Qf4 Qe7 16. Re1 Rf8 17. Qe4 Bf7 18. Qxe7 Nxe7 19. Nb5 c6 20. Nd4 Re8 21. Kf2 Kg7 22. b3 Ng8 23. Bf3 Re7 24. Ne2 b6 25. Nc3 Nf6 0-1

[Event "Manises 5th"]
[Site "Manises"]
[Date "2018.01.03"]
[Round "3"]
[White "Ivanov, Jordan"]
[Black "Galvan, Jesus"]
[Result "1-0"]
[WhiteElo "2350"]
[BlackElo "2223"]
[PlyCount "91"]
[EventDate "2018.01.02"]
[EventType "tourn"]
[EventRounds "9"]
[EventCountry "ESP"]
[SourceTitle "EXT 2024"]
[Source "ChessBase"]
[SourceDate "2023.10.10"]
[SourceVersion "1"]
[SourceVersionDate "2023.10.10"]
[SourceQuality "1"]

1. d4 f5 2. c4 Nf6 3. Nc3 e6 4. a3 b6 5. e3 Bb7 6. f3 g6 7. Bd3 Bg7 8. Nge2 d6 9. e4 c5 10. d5 fxe4 11. Nxe4 Nxe4 12. Bxe4 e5 13. h4 Nd7 14. h5 Qf6 15. Qc2 0-0-0 16. Be3 gxh5 17. Rxh5 Qf7 18. Rxh7 Nf6 19. Bg6 Qe7 20. Rxh8 Rxh8 21. 0-0-0 Kb8 22. Nc3 Bh6 23. Bxh6 Rxh6 24. Bf5 Rh2 25. Bh3 Qg7 26. Qf5 a6 27. Kb1 Qh7 28. Qxh7 Nxh7 29. Ne4 Kc7 30. f4 exf4 31. Rf1 Bc8 32. Bxc8 Kxc8 33. Rxf4 Kd8 34. Rf7 Rh6 35. g4 Rh4 36. Nxd6 Ng5 37. Rb7 Rxg4 38. Rxb6 Rg1+ 39. Ka2 Nf3 40. Rxa6 Nd2 41. Rc6 Kd7 42. Nb7 Nxc4 43. Nxc5+ Ke8 44. d6 Rd1 45. Rc8+ Kf7 46. d7 1-0

[Event "Barbera del Valles op 40th"]
[Site "Barbera del Valles"]
[Date "2017.07.07"]
[Round "4"]
[White "Galvan, Jesus"]
[Black "Soysal, Serkan"]
[Result "0-1"]
[WhiteElo "2309"]
[BlackElo "2367"]
[PlyCount "58"]
[EventDate "2017.07.04"]
[EventType "swiss"]
[EventRounds "9"]
[EventCountry "ESP"]
[SourceTitle "EXT 2018"]
[Source "ChessBase"]
[SourceDate "2017.10.13"]
[SourceVersion "1"]
[SourceVersionDate "2017.10.13"]
[SourceQuality "1"]

1. b3 d5 2. Bb2 c5 3. e3 a6 4. Nf3 Nc6 5. d4 cxd4 6. Nxd4 Nf6 7. Be2 e6 8. 0-0 Bd6 9. c4 0-0 10. cxd5 exd5 11. Nxc6 bxc6 12. Qc2 Bd7 13. Nc3 Re8 14. Rfd1 Ng4 15. h3 Nxf2 16. Kxf2 Qh4+ 17. Kg1 Bxh3 18. Bf3 Bd7 19. Na4 Rxe3 20. Qf2 Qh2+ 21. Kf1 Rae8 22. Bd4 Qh1+ 23. Qg1 Rxf3+ 24. gxf3 Qxf3+ 25. Qf2 Bh3+ 26. Kg1 Qg4+ 27. Kh1 Qe4+ 28. Kg1 Re6 29. Qe3 Qg2# 0-1

[Event "Barbera del Valles op 40th"]
[Site "Barbera del Valles"]
[Date "2017.07.04"]
[Round "1"]
[White "Chakravarthi, YVK"]
[Black "Galvan, Jesus"]
[Result "0-1"]
[WhiteElo "2006"]
[BlackElo "2309"]
[PlyCount "100"]
[EventDate "2017.07.04"]
[EventType "swiss"]
[EventRounds "9"]
[EventCountry "ESP"]
[SourceTitle "EXT 2018"]
[Source "ChessBase"]
[SourceDate "2017.10.13"]
[SourceVersion "1"]
[SourceVersionDate "2017.10.13"]
[SourceQuality "1"]

1. d4 d6 2. Bf4 g6 3. e3 Bg7 4. Nf3 Nd7 5. h3 e5 6. dxe5 dxe5 7. Bg5 Ne7 8. e4 0-0 9. Bc4 h6 10. Bh4 Qe8 11. 0-0 Nc5 12. Nc3 Be6 13. Qe2 c6 14. a4 a5 15. Rfd1 Kh7 16. Qe3 b6 17. Bxe6 Nxe6 18. Qxb6 Nd4 19. Ne1 f5 20. f3 g5 21. Bf2 g4 22. hxg4 fxg4 23. Bxd4 exd4 24. Ne2 Nd5 25. exd5 Qxe2 26. Qb3 Kh8 27. Qd3 Qe5 28. fxg4 Qxd5 29. Nf3 c5 30. b3 Rf4 31. g5 Rg4 32. Kf2 Rf8 33. gxh6 Bxh6 34. Rh1 Qg5 35. Rh2 Kg7 36. Rah1 Qf4 37. Qe2 Qg3+ 38. Kf1 Rg6 39. Rh5 Rff6 40. Qe7+ Kg8 41. Qe8+ Rf8 42. Qe2 Rff6 43. R1h3 Qf4 44. Qe8+ Kh7 45. Qe7+ Rf7 46. Qe2 Qc1+ 47. Kf2 Qf4 48. Rh2 Qc1 49. Qd3 Kg7 50. Qe2 Be3+ 0-1

[Event "Mislata op 50th"]
[Site "Mislata"]
[Date "2016.08.11"]
[Round "6"]
[White "Galvan, Jesus"]
[Black "Quispe Arteaga, Gabriel"]
[Result "1/2-1/2"]
[WhiteElo "2275"]
[BlackElo "2218"]
[PlyCount "42"]
[EventDate "2016.08.08"]
[EventType "swiss"]
[EventRounds "9"]
[EventCountry "ESP"]
[SourceTitle "CBM 173 Extra"]
[Source "ChessBase"]
[SourceDate "2016.08.29"]
[SourceVersion "1"]
[SourceVersionDate "2016.08.29"]
[SourceQuality "1"]

1. d4 d5 2. c4 e6 3. Nc3 Be7 4. Nf3 Nf6 5. Bg5 h6 6. Bh4 0-0 7. e3 b6 8. Qc2 Bb7 9. 0-0-0 a6 10. cxd5 Nxd5 11. Bxe7 Qxe7 12. Nxd5 exd5 13. Rg1 Nd7 14. Qf5 Qe6 15. Bd3 Qxf5 16. Bxf5 Nf6 17. g4 Bc8 18. Bxc8 Raxc8 19. g5 hxg5 20. Rxg5 g6 21. Kb1 Kg7 1/2-1/2